Countries who opposed Kosovo's interpol membership - Statistics

General Stats
  • This quiz has been taken 98 times
  • The average score is 33 of 53
Answer Stats
Hint Answer % Correct
43 Russia
96%
44 Serbia
94%
12 China
86%
19 Greece
82%
47 Spain
79%
4 Belarus
78%
23 Iran
78%
7 Bosnia and Herzegovina
76%
24 Iraq
75%
13 Cuba
74%
53 Venezuela
74%
42 Romania
72%
8 Brazil
71%
50 Syria
71%
2 Argentina
68%
22 Indonesia
68%
31 Mexico
68%
3 Azerbaijan
67%
11 Chile
67%
27 Laos
67%
5 Bolivia
65%
15 Democratic Republic of the Congo
64%
34 Morocco
64%
14 Cyprus
63%
32 Moldova
63%
36 Myanmar
63%
9 Cambodia
61%
41 Republic of the Congo
61%
46 South Africa
61%
1 Angola
60%
40 Philippines
60%
48 Sudan
58%
37 Namibia
57%
38 Nepal
56%
49 Suriname
56%
18 Eritrea
54%
25 Kenya
54%
33 Mongolia
54%
51 Tunisia
54%
28 Lebanon
53%
16 Dominican Republic
51%
26 Kyrgyzstan
51%
35 Mozambique
51%
39 Peru
51%
52 Uganda
51%
29 Malaysia
50%
6 Botswana
49%
10 Cameroon
46%
30 Mauritius
44%
17 Equatorial Guinea
42%
21 Guinea
39%
20 Grenada
36%
45 Solomon Islands
32%
No matching quizzes found
Score Distribution
Percent of People with Each Score
Percentile by Number Answered
Your Score History
You have not taken this quiz